Т. 3; Основы политической экономии

מידע ביבליוגרפי
Parent link:Основы политической экономии: Пер. с англ./ Дж. С. Милль. Т. 3.— , 1980-
שפה:רוסית
יצא לאור: 1981
נושאים:
פורמט: ספר
KOHA link:https://koha.lib.tpu.ru/cgi-bin/koha/opac-detail.pl?biblionumber=18155

MARC

LEADER 00000nam2a2200000 4500
001 18155
005 20231101205203.0
035 |a (RuTPU)RU\TPU\book\18304 
090 |a 18155 
100 |a 20011209d1981 k y0rusy50 ca 
101 1 |a rus  |c eng 
102 |a RU 
105 |a y z 001zy 
200 0 |a Т. 3 
210 |d 1981 
215 |a 447 с. 
320 |a Библиография: с. 389-432 
320 |a Именной указатель: с. 433-436 
320 |a Предметный указатель: с. 437-445 
461 1 |0 (RuTPU)RU\TPU\book\76931  |t Основы политической экономии  |o Пер. с англ.  |f Дж. С. Милль  |v Т. 3  |d 1980-  |s Экономическая мысль Запада 
606 |a Экономическая теория  |2 stltpush  |3 (RuTPU)RU\TPU\subj\26589  |9 50481 
606 |a Экономические учения буржуазные  |2 stltpush  |3 (RuTPU)RU\TPU\subj\26612 
610 1 |a экономика 
610 1 |a экономическая мысль 
610 1 |a капитализм 
610 1 |a производство 
610 1 |a политическая экономия буржуазная 
610 1 |a общественное развитие 
610 1 |a государство 
686 |a У011  |v LBC/SL-A  |2 rubbk 
686 |a У018  |v LBC/SL-A  |2 rubbk 
801 0 |a RU  |b 63413507  |c 20011209  |g PSBO 
801 2 |a RU  |b 63413507  |c 20181003  |g PSBO 
942 |c BK